| 000 | 01063cam a2200337 a 4500 | ||
|---|---|---|---|
| 008 | |||
| 020 | _a9780443068027 (pbk.) | ||
| 049 | _aMAIN | ||
| 090 |
_aRB33 _bYOU. |
||
| 100 | _aYoung, Babra. | ||
| 245 | 0 | 0 |
_aWheater's basic pathology : _ba text, atlas, and review of histopathology / _cBabra Young, William Stewart [and] Gerald O'Dowd. |
| 246 | 1 | 3 | _aBasic pathology. |
| 250 | _a5th ed. | ||
| 260 |
_a[Edinburgh] : _bChurchill Livingstone/Elsevier, _cc2011. |
||
| 300 |
_ax, 337 p. : _bill. ; _c30 cm. |
||
| 500 | _aIncludes index. | ||
| 650 | 1 | 2 |
_aHistology _vAtlases. |
| 650 | 1 | 2 |
_aPathology _vAtlases. |
| 650 | 0 | _aHistology, Pathological. | |
| 650 | 0 |
_aHistology, Pathological _vAtlases. |
|
| 700 | 1 | _aYoung, Barbara. | |
| 700 | 1 | _aStewart, William. | |
| 700 | 1 | _aO'Dowd, Geraldine. | |
| 700 | 1 | _aWheater, Paul R. | |
| 730 | 0 | _aWheater's basic histopathology. | |
| 907 |
_a.b1031443x _b26-02-18 _c10-05-12 |
||
| 003 | |||
| 005 | 20230120204111.0 | ||
| 040 | _cNUST | ||
| 942 |
_cBOOKS _kRB33 _mYOU. |
||
| 999 |
_c117106 _d117106 |
||